Responses for Show #9014 - Thursday, January 11, 2024

2023-2024 Second Chance competition week 4, semifinal game 3.

Contestants

[<< previous game]

John Guszkowski, a planning consultant from Pomfret, Connecticut

Allison Strekal, a nonprofit development director from Missoula, Montana

Long Nguyen, a retired engineer from Las Vegas, Nevada

[next game >>]

Jeopardy! Round responses

THE BIBLE BOOK SAITH...
ON THE MOVIE BILL
NOTORIOUS
PARTS OF THE WHOLE
IT'S UP 2 U
(Ken: The letter U will appear twice in each response.)
OLD YORK, OLD YORK
    $200 26
Genesis

Long
    $200 27
Caddyshack

Allison
    $200 24
Blackbeard

John
    $200 28
a book

John
    $200 29
(Allison: Mmm... nope.)

future

LongAllison
    $200 30
(Long: What is... Twix?)
(John: What is Cadbury?)
...
(Ken: [To Allison] You are the expert on breakoffable candy bars.)

a Kit Kat

LongAllisonJohn
    $400 22
Proverbs

John
    $400 12
Sandra Bullock

John
    $400 23
Bonnie & Clyde

John
    $400 20
eyeglasses

Long
    $400 25
a caucus

Long
    $400 19
Judi Dench

Allison
    $600 15
(Book of) Revelation

John
    $600 9
Apollo 13

John
    $600 3
the Tower of London

John
    $600 11
(Long: What is, uh, hockey? Hockey uniform?)

a hockey arena or ice rink

LongAllison
    $600 17
a boutique

Allison
    $600 13
shambles

John
    $4,000 16
Jonah

John
    $800 7
Bill Hader

John
    $800 1
The Hague

Allison
    $800 4
a tire

John
    $800 6
a pendulum

Long
    $800 14
Hadrian

John
    $1000 21
Leviticus

John
    $1000 8
Bill Nighy

Allison
    $1000 2
Hinckley

Long
    $1000 5
Mount Everest

John
    $1000 10
(Allison: What is auburn?)
...
(Ken: Yes, both a color and a wine.)

burgundy

AllisonJohn
    $1000 18
Guy Fawkes

John

Scores at the first commercial break (after clue 15):

Long Allison John
$1,200 $1,400 $7,200

Scores at the end of the Jeopardy! Round:

Long Allison John
$2,200 $2,600 $14,200

Double Jeopardy! Round responses

THE CONSTITUTIONAL CONVENTION
FORMER NAMES OF CAPITAL CITIES
NOVELS
EPISODES OF THE SITCOM
CLOCKS
7-LETTER WORDS
    $400 22
the Articles of Confederation

Long
    $400 28
(John: What is Madrid?)
...
(Ken: You ran that category.)

Lisbon

LongJohn
    $400 26
Baltimore

John
    $400 27
Parks and Rec

John
    $400 29
(Long: What is a... roller coaster?)

Ferris wheel

Long
Triple Stumper
    $400 30
(Ken: John cannot tie it up because that is correct.)

baggage

Allison
    $800 18
Independence Hall

John
    $800 23
Belgrade

Long
    $800 21
(James) Patterson

Allison
    $800 11
The Big Bang Theory

Long
    $800 24
the Apostles

John
    $800 25
Pilsner

Long
    $1200 17
Franklin

Allison
    $1200 3
Leopoldville

Long
    $1200 12
Sandra Cisneros

Triple Stumper
    $5,000 10
(Ken: Yes, "Fran" is Fran Drescher's character.)

The Nanny

Allison
    $1200 15
Venice

John
    $1200 19
a tannery

Long
    $1600 8
Madison

Allison
    $1600 1
Tajikistan

Long
    $1600 4
(Long: What is... The Perks of Being a Wallflower?)
(John: Who is Kavalier?)

The Amazing Adventures of Kavalier & Clay

LongJohn
Triple Stumper
    $1600 6
(John: Uh, what is Will & Grace?)
...
(Ken: Very different Will, yes.)

The Fresh Prince of Bel-Air

AllisonJohn
    $1600 14
the Kaaba

Long
    $1600 16
lasagna

Triple Stumper
    $5,800 9
(Ken: Yes, Paterson, [*] named for him.)

New Jersey

Allison
    $2000 2
(Ken: Dominican Republic, well done.)

Santo Domingo

Long
    $2000 5
Gibson

John
    $2000 7
The Golden Girls

John
    $2000 13
sidereal

Long
    $2000 20
cadenza

Long

Scores at the end of the Double Jeopardy! Round:

Long Allison John
$15,000 $19,000 $18,200

[wagering suggestions for these scores]

Final Jeopardy! Round responses

BRAND NAMES
(Ken: [To Long] What are [*]? Yes, for the Pop Art movement.)
LongWhat [letter scribbled out] are Pop Tarts?
$4,001
JohnWhat are Corn Pops
$12,000
AllisonWhat is Fig Newton?
$18,999
Pop-Tarts

Final scores:

Long Allison John
$19,001 $1 $6,200
Finalist 3rd place: $2,000 2nd place: $3,000

Game dynamics:

Coryat scores:

Long Allison John
$15,000 $11,400 $15,000
18 R,
4 W
14 R
(including 2 DDs),
2 W
24 R
(including 1 DD),
4 W

Combined Coryat: $41,400

[game clues] [game scores] [suggest correction]

Game tape date: 2023-12-06
The J! Archive is created by fans, for fans. Scraping, republication, monetization, and malicious use prohibited; this site may use cookies and collect identifying information. See terms. The Jeopardy! game show and all elements thereof, including but not limited to copyright and trademark thereto, are the property of Jeopardy Productions, Inc. and are protected under law. This website is not affiliated with, sponsored by, or operated by Jeopardy Productions, Inc. Join the discussion at JBoard.tv.